| Tag |
First Indicator |
Second Indicator |
Subfields |
| LEADER |
00000cam a2200000 4500 |
| 001 |
in00000075814 |
| 005 |
20151008054852.0 |
| 008 |
721012s1957 njua d 00010 eng |
| 010 |
|
|
|a 56012482
|
| 035 |
|
|
|a (OCoLC)00426649
|
| 035 |
|
|
|9 AAJ1916AM
|
| 040 |
|
|
|a DLC
|c WOO
|d GXM
|d OCL
|d SER
|d TXA
|d UtOrBLW
|
| 049 |
|
|
|a TXAM
|c 1 [280857], 2 [282912]
|
| 050 |
0 |
0 |
|a QR9
|b .J18
|
| 082 |
0 |
|
|a 589.9503
|a 576.03*
|
| 096 |
|
|
|a RQW 13 J17d 1957
|
| 100 |
1 |
|
|a Jacobs, Morris B.
|q (Morris Boris),
|d 1905-1965.
|
| 245 |
1 |
0 |
|a Dictionary of microbiology /
|c [by] Morris B. Jacobs, Maurice J. Gerstein [and] William G. Walter.
|
| 264 |
|
1 |
|a Princeton, N.J. :
|b Van Nostrand,
|c [1957]
|
| 300 |
|
|
|a 276 pages :
|b illustrations ;
|c 24 cm.
|
| 336 |
|
|
|a text
|b txt
|2 rdacontent
|
| 337 |
|
|
|a unmediated
|b n
|2 rdamedia
|
| 338 |
|
|
|a volume
|b nc
|2 rdacarrier
|
| 650 |
|
0 |
|a Microbiology
|x Dictionaries.
|
| 650 |
|
2 |
|a Bacteriology
|x dictionaries.
|
| 650 |
|
2 |
|a Microbiology
|x dictionaries.
|
| 650 |
|
0 |
|a Encyclopedias and dictionaries.
|
| 999 |
|
|
|a MARS
|
| 999 |
f |
f |
|s 7cc3ae7c-2277-303f-98c0-dc1cd82b6894
|i 3240d860-febe-3779-a344-294043eae36e
|t 0
|
| 952 |
f |
f |
|p normal
|a Texas A&M University
|b College Station
|c Sterling C. Evans Library
|d Evans: Library Stacks
|t 0
|e QR9 .J18
|h Library of Congress classification
|i unmediated -- volume
|m A14806226017
|
| 952 |
f |
f |
|p normal
|a Texas A&M University
|b College Station
|c Sterling C. Evans Library
|d Evans: Library Stacks
|t 0
|e QR9 .J18
|h Library of Congress classification
|i unmediated -- volume
|m A14806226025
|
| 998 |
f |
f |
|a QR9 .J18
|t 0
|l Evans: Library Stacks
|
| 998 |
f |
f |
|a QR9 .J18
|t 0
|l Evans: Library Stacks
|